[Event "Russian Championship B13 1st league 2016"]
[Site "Loo"]
[Date "2016.04.22"]
[Round "3.45"]
[White "Anchikov, Vladimir"]
[Black "Zyryanov, Konstantin"]
[Result "1/2-1/2"]
[WhiteElo "1619"]
[BlackElo "1414"]
[PlyCount "80"]
[EventDate "2016.04.20"]

1. e4 c5 2. Nf3 Nc6 3. d4 cxd4 4. Nxd4 e5 5. Nb5 a6 6. Nd6+ Bxd6 7. Qxd6 Qe7 8.
Qxe7+ Ngxe7 9. Nc3 Nb4 10. Bd3 d5 11. exd5 Nbxd5 12. Nxd5 Nxd5 13. Be4 Ne7 14.
b3 Nc6 15. Bb2 f6 16. O-O-O Bd7 17. Rd2 O-O-O 18. Rhd1 h6 19. g3 Be6 20. Ba3 f5
21. Bxc6 bxc6 22. Rxd8+ Rxd8 23. Rxd8+ Kxd8 24. Bf8 g5 25. Bxh6 g4 26. Kd2 Kc7
27. Kd3 Bd7 28. Bg7 e4+ 29. Kd4 Bc8 30. Kc5 Be6 31. a4 e3 32. fxe3 Bd5 33. Be5+
Kb7 34. b4 Be4 35. c3 Bc2 36. a5 Bd3 37. Bf4 Be4 38. Kd6 Bd3 39. Ke5 Bc4 40.
Kd4 Be2 1/2-1/2

[Event "Russian Championship B13 1st league 2016"]
[Site "Loo"]
[Date "2016.04.22"]
[Round "3.46"]
[White "Karnaukhov, Evgenii"]
[Black "Kozlov, Denis"]
[Result "0-1"]
[WhiteElo "1452"]
[BlackElo "1617"]
[PlyCount "68"]
[EventDate "2016.04.20"]

1. e4 e6 2. d4 d5 3. exd5 exd5 4. c4 Nf6 5. Nc3 Be6 6. Qb3 b6 7. Bg5 dxc4 8.
Bxc4 Bxc4 9. Qxc4 Be7 10. Bxf6 Bxf6 11. Nd5 c6 12. Nxf6+ Qxf6 13. Nf3 Qe7+ 14.
Kd2 O-O 15. Rae1 Qd6 16. Kc1 Nd7 17. Re4 Nf6 18. Rh4 Rac8 19. Rd1 Qd5 20. Qd3
Qxa2 21. Ng5 h6 22. Ne4 Nxe4 23. Rxe4 Qd5 24. Rde1 c5 25. Kb1 Rfd8 26. Rc1 Rc6
27. Rce1 Rcc8 28. Rc1 Re8 29. Rce1 Rxe4 30. Rxe4 Rd8 31. Re7 Qxd4 32. Qf5 Qd1+
33. Ka2 Qa4+ 34. Kb1 Rd1# 0-1

[Event "Russian Championship B13 1st league 2016"]
[Site "Loo"]
[Date "2016.04.22"]
[Round "3.47"]
[White "Romanov, Alamin"]
[Black "Bokov, Egor"]
[Result "0-1"]
[WhiteElo "1452"]
[BlackElo "1615"]
[PlyCount "64"]
[EventDate "2016.04.20"]

1. e4 c6 2. d4 d5 3. Nc3 dxe4 4. Nxe4 Bf5 5. Ng3 Bg6 6. h4 h6 7. h5 Bh7 8. Bc4
e6 9. Nf3 Nf6 10. Bd3 Bxd3 11. Qxd3 Bd6 12. Ne5 Qc7 13. f4 Nbd7 14. O-O O-O 15.
Nc4 Be7 16. f5 e5 17. dxe5 Nxe5 18. Nxe5 Qxe5 19. Bf4 Bc5+ 20. Kh1 Qxb2 21. c3
Rad8 22. Qf3 Rfe8 23. Rab1 Qxa2 24. Rxb7 Nd5 25. Ne4 Bb6 26. f6 Qa6 27. Qg3
Qxf1+ 28. Kh2 Qg1+ 29. Kh3 Qh1+ 30. Kg4 Rxe4 31. Kf5 Rxf4+ 32. Ke5 Qxh5+ 0-1

[Event "Russian Championship B13 1st league 2016"]
[Site "Loo"]
[Date "2016.04.22"]
[Round "3.48"]
[White "Maximov, Mihail"]
[Black "Kostenko, Kirill"]
[Result "1-0"]
[WhiteElo "1450"]
[BlackElo "1614"]
[PlyCount "111"]
[EventDate "2016.04.20"]

1. e4 c5 2. Nf3 e6 3. d4 cxd4 4. Nxd4 a6 5. c4 Nf6 6. Nc3 Qc7 7. Bd3 Nc6 8.
Nxc6 bxc6 9. O-O Rb8 10. b3 Be7 11. Be3 O-O 12. f4 d6 13. Qc2 Bb7 14. Kh1 Rbc8
15. Rac1 Rfd8 16. Ne2 a5 17. Nd4 Qb8 18. Qb1 h6 19. Nf3 Ba8 20. e5 Ng4 21. Bd2
Qa7 22. Be1 dxe5 23. Nxe5 Nxe5 24. fxe5 Bg5 25. Bh7+ Kh8 26. Rc3 c5 27. Be4
Bxe4 28. Qxe4 Rd4 29. Qe2 Qb7 30. Rcf3 Rf8 31. Bxa5 Re4 32. Qf2 Kg8 33. Qxc5
Re2 34. Bb4 Rd8 35. Ba5 Rd3 36. Qc7 Qe4 37. Qxf7+ Kh7 38. Qxe6 Rxf3 39. gxf3
Qf4 40. Qh3 Qxe5 41. f4 Qxa5 42. Qd3+ Kh8 43. Qxe2 Bf6 44. f5 Qa8+ 45. Qg2 Qd8
46. c5 Qc8 47. c6 Qd8 48. b4 Qb6 49. Re1 Qd8 50. b5 Be5 51. a4 Bc3 52. Rc1 h5
53. Qf3 Bb4 54. c7 Qc8 55. b6 Bd2 56. b7 1-0

[Event "Russian Championship B13 1st league 2016"]
[Site "Loo"]
[Date "2016.04.22"]
[Round "3.49"]
[White "Onishchenko, Gennady"]
[Black "Chelebaev, Mikhail"]
[Result "1-0"]
[WhiteElo "1612"]
[BlackElo "1397"]
[PlyCount "113"]
[EventDate "2016.04.20"]

1. e4 e5 2. Nf3 Nc6 3. Bb5 a6 4. Ba4 b5 5. Bb3 Nf6 6. O-O Be7 7. Re1 O-O 8. c3
d5 9. exd5 Nxd5 10. Nxe5 Nxe5 11. Rxe5 Nf6 12. d4 Bd6 13. Re1 Ng4 14. g3 Qd7
15. Be6 fxe6 16. Qxg4 Qf7 17. Qe2 e5 18. dxe5 Bxe5 19. Be3 Bb7 20. Nd2 Qd5 21.
f3 Qd6 22. Kg2 Rae8 23. Rad1 Qg6 24. Qf2 Bf4 25. Bxf4 Rxe1 26. Rxe1 Rxf4 27.
Qa7 Bc8 28. Qxc7 Rf8 29. Re4 Bf5 30. Re2 Bd3 31. Re3 Bf5 32. Ne4 Bxe4 33. Rxe4
Qh6 34. Qd7 Qc1 35. Re2 Qb1 36. Qe6+ Kh8 37. Qxa6 Qd3 38. Rf2 h6 39. Qc6 Rd8
40. Qe4 Qd6 41. Qb4 Qc6 42. Qf4 Qa6 43. a3 Qc6 44. Rd2 Rxd2+ 45. Qxd2 Qc4 46.
Qe3 Qb3 47. Qe8+ Kh7 48. Qe4+ Kh8 49. Qe2 Kh7 50. Kf2 Kh8 51. Ke1 Qf7 52. Kd2
Qd5+ 53. Qd3 Qg5+ 54. Kc2 Qh5 55. Qd8+ Kh7 56. Qh4 Qf5+ 57. Qe4 1-0

[Event "Russian Championship B13 1st league 2016"]
[Site "Loo"]
[Date "2016.04.22"]
[Round "3.50"]
[White "Yadigarov, Aivaz"]
[Black "Smelykh, Edvin"]
[Result "0-1"]
[WhiteElo "1441"]
[BlackElo "1595"]
[PlyCount "146"]
[EventDate "2016.04.20"]

1. d4 Nf6 2. c4 e6 3. Nc3 Bb4 4. a3 Bxc3+ 5. bxc3 c5 6. e3 Nc6 7. Bd3 Qa5 8.
Bd2 O-O 9. Nf3 Re8 10. O-O Qc7 11. e4 d6 12. h3 b6 13. Qc2 h6 14. Rfe1 Ba6 15.
d5 Na5 16. Qc1 Nb3 17. Qc2 Nxa1 18. Rxa1 exd5 19. exd5 Qd8 20. Qa4 Bb7 21. Qb3
Ne4 22. Be3 Qf6 23. Rc1 Bc8 24. Qc2 Qg6 25. Nd2 f5 26. Bf4 Qf6 27. Bh2 Qg5 28.
f4 Qg6 29. Re1 Bd7 30. Nxe4 fxe4 31. Bxe4 Bf5 32. Bxf5 Rxe1+ 33. Kf2 Re2+ 34.
Qxe2 Qxf5 35. g4 Qf7 36. Qe6 Qxe6 37. dxe6 Kf8 38. f5 Ke7 39. Ke3 h5 40. Bf4
Rh8 41. Bg5+ Ke8 42. gxh5 Rxh5 43. h4 Rh8 44. Ke4 Rf8 45. Kf4 Rh8 46. Kg4 Kf8
47. h5 Rg8 48. Bh4 Ke8 49. Kg5 Kd8 50. Kg6+ Ke8 51. e7 a6 52. Kh7 Kf7 53. a4 a5
54. h6 gxh6 55. Kxh6 Rh8+ 56. Kg5 Kxe7 57. Bg3 Rg8+ 58. Kf4 Rf8 59. Bh4+ Kd7
60. Kg5 Rg8+ 61. Kf6 Rg4 62. Bg5 Rxc4 63. Kf7 Rxc3 64. f6 d5 65. Bf4 Rf3 66.
Bh6 d4 67. Kg7 Rg3+ 68. Kf8 Ke6 69. f7 Rf3 70. Kg8 Rxf7 71. Bd2 Rf3 72. Bh6 d3
73. Kh8 Rh3 0-1

[Event "Russian Championship B13 1st league 2016"]
[Site "Loo"]
[Date "2016.04.22"]
[Round "3.51"]
[White "Khanzhin, Timur"]
[Black "Tukaev, Timur"]
[Result "1-0"]
[WhiteElo "1582"]
[BlackElo "1276"]
[PlyCount "63"]
[EventDate "2016.04.20"]

1. Nf3 Nc6 2. g3 e5 3. d4 exd4 4. Nxd4 Nxd4 5. Qxd4 Nf6 6. Bg5 Be7 7. Bg2 O-O
8. Nc3 c6 9. O-O h6 10. Bf4 d5 11. Rad1 Be6 12. Qa4 Bd6 13. Bxd6 Qxd6 14. e4
Rfd8 15. exd5 cxd5 16. Qd4 Qc6 17. Rfe1 b5 18. Bf3 a5 19. Qd3 Rab8 20. Ne2 Bg4
21. Nd4 Qd6 22. Bxg4 Nxg4 23. Nf5 Qf6 24. Ne7+ Kh8 25. Qd4 Qg5 26. Nc6 Rbc8 27.
Nxd8 Rxd8 28. h3 Nf6 29. Qe5 Qg6 30. Qc7 Nh5 31. Qxd8+ Kh7 32. Re8 1-0

[Event "Russian Championship B13 1st league 2016"]
[Site "Loo"]
[Date "2016.04.22"]
[Round "3.53"]
[White "Serov, Aleksandr"]
[Black "Zuev, Aleksandr"]
[Result "1-0"]
[WhiteElo "1349"]
[BlackElo "1563"]
[PlyCount "125"]
[EventDate "2016.04.20"]

1. d4 Nf6 2. c4 e5 3. dxe5 Ng4 4. Nf3 Nc6 5. Bf4 Bb4+ 6. Nbd2 Qe7 7. a3 Ngxe5
8. Nxe5 Nxe5 9. e3 Bxd2+ 10. Qxd2 d6 11. Be2 Bf5 12. O-O O-O 13. Rac1 Rad8 14.
Rfd1 h6 15. Qa5 a6 16. h3 Rfe8 17. c5 d5 18. Qc3 Ng6 19. Bg3 Qe6 20. Bxc7 Rd7
21. Bg3 Ne7 22. b4 Nc6 23. Bf3 Red8 24. Qb2 Be4 25. Bg4 f5 26. Be2 Qg6 27. Bf1
d4 28. exd4 Nxd4 29. Bd6 Nb5 30. f3 Nxd6 31. cxd6 Bc6 32. Qb3+ Kh8 33. b5 axb5
34. Bxb5 Rxd6 35. Bxc6 bxc6 36. Kh2 Kh7 37. Rxc6 Rxc6 38. Rxd8 Re6 39. Qb8 Qf6
40. Rh8+ Kg6 41. Qg3+ Kf7 42. Qb8 Kg6 43. Qg3+ Kf7 44. Ra8 Re7 45. a4 f4 46.
Qf2 Qc6 47. Ra5 Qf6 48. Qc2 g6 49. Qc4+ Kg7 50. Ra8 Rf7 51. a5 h5 52. Qc8 Rf8
53. Qxf8+ Qxf8 54. Rxf8 Kxf8 55. a6 Kg7 56. a7 Kh6 57. a8=Q h4 58. Qh8+ Kg5 59.
Qe5+ Kh6 60. Qxf4+ g5 61. Qf7 g4 62. hxg4 h3 63. Qf6+ 1-0

[Event "Russian Championship B13 1st league 2016"]
[Site "Loo"]
[Date "2016.04.22"]
[Round "3.55"]
[White "Poiseev, Nikita"]
[Black "Savintsev, Vladimir V"]
[Result "1-0"]
[WhiteElo "1323"]
[BlackElo "1559"]
[PlyCount "69"]
[EventDate "2016.04.20"]

1. e4 e6 2. d4 d5 3. exd5 exd5 4. c4 Nf6 5. Nc3 Bb4 6. Bg5 dxc4 7. Bxc4 O-O 8.
Nge2 Bf5 9. O-O Nbd7 10. Nd5 Bd6 11. Ng3 Bg6 12. h4 h6 13. h5 Bh7 14. Bh4 c6
15. Nxf6+ Nxf6 16. Qf3 Be7 17. Rfe1 Qxd4 18. Bxf6 Bxf6 19. b3 Qc3 20. Qg4 Qa5
21. b4 Qa3 22. Rad1 Bc3 23. Re7 b5 24. Bb3 Qxb4 25. Qd7 Qf4 26. Ne2 Qf6 27.
Nxc3 Qxc3 28. Rxf7 Kh8 29. Qe7 Rfe8 30. Qc7 Bg8 31. Rfd7 Bxb3 32. axb3 Qxb3 33.
Qxc6 Rg8 34. R1d6 Qb4 35. Rxh6+ 1-0

[Event "Russian Championship B13 1st league 2016"]
[Site "Loo"]
[Date "2016.04.22"]
[Round "3.60"]
[White "Shkrebko, Mikhail"]
[Black "Mongush, Kezhik"]
[Result "1-0"]
[WhiteElo "1407"]
[BlackElo "1490"]
[PlyCount "107"]
[EventDate "2016.04.20"]

1. d4 Nf6 2. c4 d5 3. Nf3 c6 4. Nc3 e6 5. Bf4 Bb4 6. Qc2 Nbd7 7. a3 Qa5 8. Rc1
Bxc3+ 9. Qxc3 Qxc3+ 10. Rxc3 Ne4 11. Rc2 O-O 12. e3 Ndf6 13. Bd3 h6 14. Nd2
Nxd2 15. Kxd2 Bd7 16. f3 a5 17. a4 Nh5 18. Bd6 Rfd8 19. g4 Be8 20. Be7 Rd7 21.
Bh4 Nf6 22. Bg3 Rdd8 23. h4 c5 24. b3 cxd4 25. exd4 Kf8 26. g5 Nh5 27. Bc7 Rd7
28. cxd5 Rxd5 29. Ke3 hxg5 30. hxg5 g6 31. Rc5 Bc6 32. Rhc1 Ke7 33. Bb5 Bxb5
34. Rxb5 Rxb5 35. axb5 Rc8 36. Bd6+ Kd7 37. Rxc8 Kxc8 38. Be5 Kd7 39. Kd3 Ke7
40. Kc4 f6 41. Bxf6+ Nxf6 42. gxf6+ Kxf6 43. Kc5 Kf5 44. Kb6 Kf4 45. Kxb7 Kxf3
46. Kc6 g5 47. b6 g4 48. b7 g3 49. b8=Q g2 50. Qf8+ Ke2 51. Qg7 Kf2 52. Qf6+
Kg3 53. Qg5+ Kh2 54. Qh4+ 1-0

[Event "Russian Championship B13 1st league 2016"]
[Site "Loo"]
[Date "2016.04.22"]
[Round "3.61"]
[White "Novikov, Ivan"]
[Black "Zhivotovskii, Dmitrii"]
[Result "1-0"]
[WhiteElo "1330"]
[BlackElo "1457"]
[PlyCount "71"]
[EventDate "2016.04.20"]

1. Nf3 d5 2. d4 Nc6 3. g3 Nf6 4. Bg2 Bf5 5. O-O e6 6. Nh4 Bg6 7. Nxg6 fxg6 8.
c3 Bd6 9. c4 O-O 10. Nd2 Qd7 11. cxd5 exd5 12. a3 Rae8 13. Qc2 Nd8 14. Qb3 c6
15. e4 Bc7 16. e5 Ng4 17. h3 Nh6 18. Ne4 b6 19. Bxh6 gxh6 20. Nf6+ Kg7 21. Nxd7
Rf7 22. Nf6 Ref8 23. Rae1 Ne6 24. Qe3 h5 25. h4 h6 26. Bh3 Nd8 27. Qc3 Bb8 28.
e6 Rxf6 29. e7 Re8 30. exd8=Q Rxd8 31. Re7+ Rf7 32. Rxf7+ Kxf7 33. Qxc6 Rd6 34.
Qb7+ Kf6 35. Qxb8 Rc6 36. Qf8# 1-0

[Event "Russian Championship B13 1st league 2016"]
[Site "Loo"]
[Date "2016.04.22"]
[Round "3.65"]
[White "Konotop, Timofey"]
[Black "Sarkisian, Artem"]
[Result "0-1"]
[WhiteElo "1524"]
[BlackElo "1220"]
[PlyCount "68"]
[EventDate "2016.04.20"]

1. e4 c6 2. d4 d5 3. Nd2 dxe4 4. Nxe4 Nf6 5. Nxf6+ exf6 6. Bc4 Bd6 7. Be3 O-O
8. Ne2 Bf5 9. O-O Nd7 10. Bd3 Bxd3 11. Qxd3 Qc7 12. f4 Rfe8 13. Rf3 c5 14. Rh3
h6 15. c3 c4 16. Qc2 Nb6 17. Qf5 g6 18. Qg4 Nd5 19. Kf2 h5 20. Qh4 Nxe3 21.
Rxe3 Rxe3 22. Kxe3 Re8+ 23. Kf2 Qe7 24. Re1 Qe3+ 25. Kf1 f5 26. Qf2 Qd2 27. Qf3
Re3 28. Qxb7 Bxf4 29. Qc8+ Kg7 30. Qxc4 Bxh2 31. d5 Bg3 32. Rb1 Re4 33. Qxe4
fxe4 34. Nxg3 Qd3+ 0-1

[Event "Russian Championship B13 2016"]
[Site "Loo"]
[Date "2016.04.22"]
[Round "3.1"]
[White "Skatchkov, Valery"]
[Black "Kirillov, Dmitry"]
[Result "1-0"]
[WhiteElo "2170"]
[BlackElo "1930"]
[PlyCount "103"]
[EventDate "2016.04.20"]

1. d4 Nf6 2. c4 c5 3. d5 b5 4. Nf3 bxc4 5. Nc3 g6 6. e4 d6 7. Bxc4 Bg7 8. O-O
O-O 9. e5 dxe5 10. Nxe5 Ba6 11. Bxa6 Nxa6 12. Nc6 Qd7 13. Qe2 Nb4 14. Qxe7 Nxc6
15. Qxd7 Nxd7 16. dxc6 Ne5 17. c7 Nd3 18. Nd5 Rfe8 19. Bg5 Kf8 20. Rad1 Nxb2
21. Rde1 Na4 22. Be7+ Kg8 23. Bxc5 Nxc5 24. Rxe8+ Rxe8 25. c8=Q Rxc8 26. Ne7+
Kf8 27. Nxc8 a6 28. Rc1 Bd4 29. Rc4 Ne6 30. Ra4 Ke8 31. Rxa6 Kd7 32. Nb6+ Kc6
33. Nc4+ Kb5 34. Rxe6 fxe6 35. Nd2 Kb4 36. Nb1 Kc4 37. Na3+ Kd3 38. Nb5 Bb6 39.
Kf1 Kc2 40. Nd6 Kc3 41. Ne4+ Kb2 42. Ng5 h6 43. Nxe6 Kxa2 44. f4 Be3 45. Ke2
Bc1 46. Kf3 Kb3 47. Ke4 Bb2 48. Nf8 g5 49. f5 Kc4 50. Nh7 Kc5 51. f6 Kd6 52. f7
1-0

[Event "Russian Championship B13 2016"]
[Site "Loo"]
[Date "2016.04.22"]
[Round "3.2"]
[White "Pogosyan, Stefan"]
[Black "Shumilov, Demyan"]
[Result "1/2-1/2"]
[WhiteElo "2082"]
[BlackElo "1897"]
[PlyCount "84"]
[EventDate "2016.04.20"]

1. d4 d5 2. Nf3 Bf5 3. c4 e6 4. Nc3 c6 5. e3 Nf6 6. Be2 h6 7. O-O Bd6 8. b3
Nbd7 9. Bb2 O-O 10. Qc1 Qe7 11. a4 a5 12. Ba3 Bxa3 13. Qxa3 Qxa3 14. Rxa3 Ne4
15. Nxe4 Bxe4 16. Ne1 Nb8 17. f3 Bh7 18. Bd3 Na6 19. Kf2 Nb4 20. Ke2 Rfe8 21.
Bxh7+ Kxh7 22. Nd3 Nxd3 23. Kxd3 Rad8 24. c5 e5 25. Rb1 e4+ 26. Kd2 f5 27. b4
axb4 28. Rxb4 Rd7 29. Rab3 Ree7 30. Rb6 Kg6 31. a5 Rc7 32. a6 bxa6 33. Rxa6 Kf7
34. f4 Re8 35. Rab6 Ra8 36. Rb7 Ra2+ 37. Ke1 Ra1+ 38. Kf2 Ra2+ 39. Kg3 Rxb7 40.
Rxb7+ Kg8 41. h4 Re2 42. Rb3 Rd2 1/2-1/2

[Event "Russian Championship B13 2016"]
[Site "Loo"]
[Date "2016.04.22"]
[Round "3.3"]
[White "Golovin, Nikita A"]
[Black "Tsvetkov, Andrey"]
[Result "0-1"]
[WhiteElo "1853"]
[BlackElo "2036"]
[PlyCount "70"]
[EventDate "2016.04.20"]

1. Nf3 Nf6 2. g3 d5 3. Bg2 c6 4. c4 dxc4 5. Na3 b5 6. O-O e6 7. Ne5 Nd5 8. b3
Bd6 9. f4 cxb3 10. axb3 Nd7 11. d4 O-O 12. e4 Ne7 13. Bb2 Bb7 14. Kh1 Bc7 15.
Nxd7 Qxd7 16. Qg4 f5 17. exf5 exf5 18. Qh5 Nd5 19. Nc2 a5 20. Rfe1 Rae8 21. Kg1
g6 22. Qh6 Rxe1+ 23. Rxe1 Re8 24. Bxd5+ cxd5 25. Ne3 b4 26. Kf2 Bd8 27. h4 Re4
28. h5 Qg7 29. Qxg7+ Kxg7 30. hxg6 hxg6 31. Rc1 Bb6 32. Ke2 Kf6 33. Kd3 Ke6 34.
Re1 Ba6+ 35. Kc2 Bxd4 0-1

[Event "Russian Championship B13 2016"]
[Site "Loo"]
[Date "2016.04.22"]
[Round "3.4"]
[White "Tsybikov, Tumen"]
[Black "Breskanu, Nikita"]
[Result "0-1"]
[WhiteElo "1977"]
[BlackElo "1810"]
[PlyCount "66"]
[EventDate "2016.04.20"]

1. e4 c5 2. Nf3 Nc6 3. d4 cxd4 4. Nxd4 e5 5. Nb5 d6 6. N1c3 a6 7. Na3 b5 8. Nd5
Nce7 9. c4 Nxd5 10. exd5 bxc4 11. Nxc4 Nf6 12. Be3 Rb8 13. Be2 Be7 14. O-O O-O
15. a4 Ne8 16. a5 Bg5 17. Qd2 Bxe3 18. Qxe3 f5 19. Rac1 f4 20. Qa3 Qg5 21. Nd2
Bf5 22. Bd3 Bxd3 23. Qxd3 Rxb2 24. Rc6 Nf6 25. Qc3 e4 26. f3 Qxd5 27. Nxe4 Nxe4
28. fxe4 Qxe4 29. Qf3 Qe3+ 30. Qxe3 fxe3 31. Rxd6 Rxf1+ 32. Kxf1 Rf2+ 33. Kg1
Rd2 0-1

[Event "Russian Championship B13 2016"]
[Site "Loo"]
[Date "2016.04.22"]
[Round "3.5"]
[White "Gaydym, Arseniy"]
[Black "Khaliullin, Albert"]
[Result "1-0"]
[WhiteElo "1959"]
[BlackElo "1689"]
[PlyCount "71"]
[EventDate "2016.04.20"]

1. e4 c5 2. Nc3 e6 3. g3 d5 4. exd5 exd5 5. Bg2 Nf6 6. d3 d4 7. Ne4 Nxe4 8.
dxe4 Nc6 9. Ne2 Bd6 10. O-O O-O 11. b3 Re8 12. f4 f6 13. f5 Ne5 14. Nf4 b6 15.
Qh5 Bb7 16. Ne6 Qd7 17. Rf4 Re7 18. Rh4 g6 19. Qh6 gxf5 20. exf5 Bxg2 21. Kxg2
Qb7+ 22. Kh3 Rf7 23. Bf4 Kh8 24. Bxe5 Bxe5 25. Qh5 d3 26. Rd1 dxc2 27. Rc1 Rg8
28. Rxc2 Qh1 29. Rg4 Rxg4 30. Qxg4 Rd7 31. Rd2 Qf1+ 32. Kh4 Bd4 33. Qh5 Re7 34.
Qh6 Rf7 35. Nxd4 Qe1 36. Ne2 1-0

[Event "Russian Championship B13 2016"]
[Site "Loo"]
[Date "2016.04.22"]
[Round "3.6"]
[White "Shihaliev, Leonard"]
[Black "Stukan, Martin"]
[Result "1-0"]
[WhiteElo "1815"]
[BlackElo "1956"]
[PlyCount "65"]
[EventDate "2016.04.20"]

1. e4 c5 2. Nf3 d6 3. d4 cxd4 4. Nxd4 Nf6 5. Nc3 a6 6. Bg5 Nbd7 7. f4 Qc7 8.
Qf3 b5 9. O-O-O Bb7 10. Bd3 e6 11. Rhe1 Be7 12. g4 Qb6 13. Nb3 h6 14. Bh4 Nc5
15. Bf2 Nfd7 16. Kb1 Bf6 17. Ne2 Qc7 18. Ned4 Nxd3 19. cxd3 g5 20. Rc1 Qd8 21.
Nf5 Be5 22. fxe5 exf5 23. exd6 fxg4 24. Qxg4 Ne5 25. Qf5 Nxd3 26. Nc5 Nxc5 27.
Bxc5 O-O 28. d7 Bc6 29. Bxf8 Bxd7 30. Qd5 Kxf8 31. Red1 Ke8 32. Qe5+ Kf8 33.
Rc7 1-0

[Event "Russian Championship B13 2016"]
[Site "Loo"]
[Date "2016.04.22"]
[Round "3.7"]
[White "Yarosh, Ruslan"]
[Black "Grachev, Alexey"]
[Result "1/2-1/2"]
[WhiteElo "1791"]
[BlackElo "1990"]
[PlyCount "85"]
[EventDate "2016.04.20"]

1. e4 c5 2. Nf3 Nc6 3. Bb5 e6 4. Bxc6 bxc6 5. O-O Ne7 6. c3 Ng6 7. d4 cxd4 8.
cxd4 Be7 9. Nc3 d5 10. Be3 O-O 11. e5 Rb8 12. b3 Qa5 13. Rc1 Ba6 14. Re1 Ba3
15. Rc2 Bb4 16. Bd2 Qc7 17. Na4 Bd3 18. Rc5 Bxc5 19. Nxc5 Bf5 20. Na6 Qb6 21.
Nxb8 Rxb8 22. Be3 Bg4 23. h3 Bxf3 24. Qxf3 Qa6 25. Qe2 Qxe2 26. Rxe2 Kf8 27.
Rc2 Rb6 28. g3 Ke8 29. f4 Ne7 30. g4 g6 31. Kf2 Kd7 32. Ke2 Rb8 33. Kd3 h5 34.
Bc1 hxg4 35. hxg4 Rh8 36. Ba3 Rh3+ 37. Ke2 Nc8 38. Bc5 Rh2+ 39. Kd3 Rh3+ 40.
Ke2 Kc7 41. Rd2 Rh2+ 42. Kd1 Rh1+ 43. Ke2 1/2-1/2

[Event "Russian Championship B13 2016"]
[Site "Loo"]
[Date "2016.04.22"]
[Round "3.8"]
[White "Tsyrendashiev, Bato"]
[Black "Don, Aleksandr"]
[Result "1-0"]
[WhiteElo "1687"]
[BlackElo "1933"]
[PlyCount "117"]
[EventDate "2016.04.20"]

1. e4 c5 2. Nf3 e6 3. d4 cxd4 4. Nxd4 Nf6 5. Nc3 Nc6 6. Ndb5 Bb4 7. a3 Bxc3+ 8.
Nxc3 d5 9. exd5 Nxd5 10. Nxd5 exd5 11. Bd3 Qe7+ 12. Qe2 Qxe2+ 13. Bxe2 Bf5 14.
Kd2 Rc8 15. Bd3 Bxd3 16. Kxd3 f6 17. b3 Ne5+ 18. Kd2 Kf7 19. Bb2 Rhd8 20. Bd4
Nc6 21. c3 Rd7 22. Rhe1 Rdc7 23. Rac1 g5 24. f3 h5 25. Kd3 Na5 26. Kc2 b6 27.
Kb2 Nc6 28. Bf2 Ne5 29. Red1 Ke6 30. Bd4 h4 31. Re1 Kf5 32. Rcd1 Rd7 33. Re3
Nc6 34. Re2 Kg6 35. Re6 Nxd4 36. Rxd4 Kf7 37. Re2 Re8 38. Red2 Re3 39. c4 h3
40. gxh3 Rxf3 41. h4 gxh4 42. Rxh4 Ke6 43. Rhd4 dxc4 44. Re2+ Kf5 45. Rxd7
Rxb3+ 46. Ka2 a5 47. Rf2+ Ke6 48. Rc7 b5 49. Rc6+ Kd5 50. Rcxf6 a4 51. R6f3 c3
52. h4 b4 53. axb4 Rxb4 54. Rh3 Rc4 55. Rc2 Kd4 56. h5 Rc8 57. h6 a3 58. Rcxc3
Rh8 59. h7 1-0

[Event "Russian Championship B13 2016"]
[Site "Loo"]
[Date "2016.04.22"]
[Round "3.9"]
[White "Tarasov, Danila"]
[Black "Babakekhyan, Artem"]
[Result "1/2-1/2"]
[WhiteElo "1868"]
[BlackElo "1846"]
[PlyCount "72"]
[EventDate "2016.04.20"]

1. e4 c5 2. Nf3 d6 3. d4 cxd4 4. Nxd4 Nf6 5. Nc3 g6 6. Be3 Bg7 7. f3 O-O 8. Qd2
Nc6 9. O-O-O Nxd4 10. Bxd4 Be6 11. Kb1 Qc7 12. h4 Rfc8 13. h5 Qa5 14. hxg6 hxg6
15. a3 Rab8 16. Bd3 Bc4 17. g4 b5 18. Bxf6 Bxf6 19. Nd5 Qxd2 20. Nxf6+ Kg7 21.
Rxd2 Kxf6 22. f4 Bxd3 23. cxd3 Rh8 24. Rdh2 Rxh2 25. Rxh2 b4 26. axb4 Rxb4 27.
Kc2 d5 28. Kc3 a5 29. e5+ Ke6 30. d4 Rc4+ 31. Kd3 Rc1 32. Rh6 Kd7 33. Rh7 Ke6
34. Rh6 Kd7 35. Rh7 Ke6 36. Rh6 Kd7 1/2-1/2

[Event "Russian Championship B13 2016"]
[Site "Loo"]
[Date "2016.04.22"]
[Round "3.10"]
[White "Mishuris, Matvey"]
[Black "Tsoi, Dmitry"]
[Result "1-0"]
[WhiteElo "1784"]
[BlackElo "2127"]
[PlyCount "113"]
[EventDate "2016.04.20"]

1. d4 d5 2. c4 e6 3. Nf3 Nf6 4. g3 Bb4+ 5. Bd2 Be7 6. Bg2 O-O 7. O-O Nbd7 8.
Qc2 c6 9. Rd1 Ne4 10. Bf4 f5 11. h4 Ndf6 12. Ne1 Bd6 13. e3 h6 14. Nd3 g5 15.
hxg5 hxg5 16. Be5 Bxe5 17. Nxe5 g4 18. cxd5 exd5 19. Nc3 Ng5 20. b4 Nd7 21. Ng6
Rf6 22. Nh4 Nb6 23. Na4 Nc4 24. Nb2 Nxb2 25. Qxb2 Qd6 26. b5 Bd7 27. bxc6 Bxc6
28. Rac1 Ne4 29. Qe2 Qe6 30. Bf1 Kg7 31. Qe1 Rh8 32. Bd3 Ng5 33. Qe2 Rfh6 34.
Kg2 Rxh4 35. gxh4 Nh3 36. f4 Rxh4 37. Kg3 Rh8 38. Rh1 Re8 39. Rce1 Kf6 40. Rh2
Bd7 41. Rhh1 Kg7 42. Qb2 Qd6 43. Qd2 Rh8 44. Kg2 Re8 45. Rh2 Kf6 46. Rhh1 b6
47. Re2 Rh8 48. Ree1 Rg8 49. Re2 Kf7 50. Qe1 Rh8 51. Qg3 Qa3 52. Rd2 Kf6 53.
Rh2 b5 54. Rh1 Ke6 55. Bxf5+ Ke7 56. Bxd7 Qa5 57. Re2 1-0

[Event "Russian Championship B13 2016"]
[Site "Loo"]
[Date "2016.04.22"]
[Round "3.11"]
[White "Makarian, Rudik"]
[Black "Belkov, Nikolay"]
[Result "1-0"]
[WhiteElo "2016"]
[BlackElo "1779"]
[PlyCount "55"]
[EventDate "2016.04.20"]

1. d4 f5 2. Nc3 Nf6 3. Bg5 Ne4 4. Nxe4 fxe4 5. e3 c6 6. c3 Qb6 7. Qc2 d5 8. f3
Bf5 9. fxe4 Bxe4 10. Qd2 Nd7 11. Nh3 Nf6 12. Nf2 Bg6 13. Be2 Ne4 14. Nxe4 Bxe4
15. O-O O-O-O 16. b4 Rd6 17. Bg4+ Kd8 18. Qf2 Qb5 19. a4 Qc4 20. a5 Bg6 21. Qf4
Kc7 22. Qe5 h5 23. Rxf8 Rxf8 24. Qxe7+ Rd7 25. Qxf8 hxg4 26. Bf4+ Rd6 27. Qxd6+
Kc8 28. Qc7# 1-0

[Event "Russian Championship B13 2016"]
[Site "Loo"]
[Date "2016.04.22"]
[Round "3.12"]
[White "Gabitov, Bulat"]
[Black "Kulaev, Maxim"]
[Result "1/2-1/2"]
[WhiteElo "1742"]
[BlackElo "1966"]
[PlyCount "131"]
[EventDate "2016.04.20"]

1. d4 Nf6 2. c4 c5 3. d5 b5 4. Nf3 g6 5. Qc2 d6 6. e4 bxc4 7. Bxc4 Bg7 8. O-O
O-O 9. h3 Nbd7 10. Be2 e6 11. dxe6 fxe6 12. Bg5 Qb6 13. Nc3 Bb7 14. Rad1 d5 15.
exd5 exd5 16. Na4 Qc6 17. Bxf6 Bxf6 18. Nc3 Nb6 19. Bb5 Qc7 20. Rfe1 a6 21. Bf1
Rae8 22. Na4 c4 23. Nxb6 Qxb6 24. b3 cxb3 25. Qxb3 Qxb3 26. axb3 Re4 27. Bd3
Rb4 28. Bc2 Rc8 29. Re2 d4 30. Ne1 Rb6 31. Nd3 Kf7 32. b4 Bd5 33. Bb1 Bc4 34.
Ba2 Bxa2 35. Rxa2 Be7 36. Kf1 Bxb4 37. Nxb4 Rxb4 38. Rxa6 Rc2 39. Rd6 Rbb2 40.
R1xd4 Rxf2+ 41. Ke1 Rxg2 42. Rd7+ Kf6 43. R7d6+ Kg5 44. R6d5+ Kf6 45. Rd6+ Kg5
46. R6d5+ Kh6 47. Rh4+ Kg7 48. Rd7+ Kf6 49. Kf1 Rgf2+ 50. Kg1 Rg2+ 51. Kf1 Rh2
52. Kg1 h5 53. Rd3 Rbd2 54. Rxd2 Rxd2 55. Ra4 Re2 56. Rb4 Kf5 57. Ra4 g5 58.
Rb4 Re4 59. Rb2 g4 60. hxg4+ hxg4 61. Kg2 Kf4 62. Rb3 Re2+ 63. Kg1 Re3 64. Rxe3
Kxe3 65. Kg2 Kf4 66. Kf2 1/2-1/2

[Event "Russian Championship B13 2016"]
[Site "Loo"]
[Date "2016.04.22"]
[Round "3.13"]
[White "Grankin, Alexey"]
[Black "Ismagilov, Damir"]
[Result "1/2-1/2"]
[WhiteElo "1734"]
[BlackElo "1929"]
[PlyCount "81"]
[EventDate "2016.04.20"]

1. e4 c5 2. Nf3 Nc6 3. d4 cxd4 4. Nxd4 g6 5. Be3 Bg7 6. Nc3 Nf6 7. f3 O-O 8.
Qd2 d5 9. exd5 Nxd5 10. Nxc6 bxc6 11. Nxd5 Qxd5 12. Qxd5 cxd5 13. Rb1 Bf5 14.
Bd3 Bxd3 15. cxd3 Rfc8 16. O-O Rc2 17. Rf2 Rc7 18. Re2 Rac8 19. Kf2 a6 20. d4
Rc2 21. a3 Rxe2+ 22. Kxe2 Rc2+ 23. Kf1 h5 24. b3 Rc3 25. Ke2 Rc2+ 26. Kf1 e6
27. a4 e5 28. dxe5 Bxe5 29. f4 Bf6 30. Rc1 Rb2 31. Rc6 Bg7 32. Rxa6 Rxb3 33.
Ra8+ Kh7 34. Bd2 Rb2 35. Ke1 d4 36. Rd8 Rb1+ 37. Ke2 Rg1 38. Kf2 Rd1 39. Ke2
Rg1 40. Kf2 Rd1 41. Ke2 1/2-1/2